[Event "Titled Tuesday intern op 09th Jul Early"]
[Site "Chess.com INT"]
[Date "2024.07.09"]
[Round "3"]
[White "Palacio, Igor Da Paz"]
[Black "Kazakov, Mikhail"]
[Result "0-1"]
[WhiteElo "2172"]
[BlackElo "2513"]
[PlyCount "88"]
[EventDate "2024.07.09"]
[EventType "swiss (blitz)"]
[EventRounds "11"]
[EventCountry "USA"]
[SourceTitle "EXT 2025"]
[Source "ChessBase"]
[SourceDate "2024.10.14"]
[SourceVersion "1"]
[SourceVersionDate "2024.10.14"]
[SourceQuality "1"]

1. e4 e5 2. Nf3 Nc6 3. Bb5 a6 4. Ba4 Nf6 5. 0-0 b5 6. Bb3 Bc5 7. Re1 d6 8. c3 Bb6 9. d3 h6 10. Be3 Bxe3 11. fxe3 Ne7 12. Nbd2 Ng6 13. Rf1 0-0 14. Qe1 Be6 15. Nh4 Nxh4 16. Qxh4 Nd7 17. Qxd8 Raxd8 18. Bc2 f5 19. exf5 Bxf5 20. e4 Be6 21. Rxf8+ Rxf8 22. Bb3 Nc5 23. Bxe6+ Nxe6 24. Nb3 c5 25. g3 Rf3 26. Rd1 Nd8 27. Kg2 Rf7 28. Rf1 Rd7 29. Nd2 Nc6 30. Kf3 a5 31. Ke2 a4 32. a3 Rb7 33. h3 Na5 34. Rc1 b4 35. cxb4 cxb4 36. axb4 Rxb4 37. Rc2 Nb7 38. Nc4 Kf7 39. Kd2 Ke6 40. Ne3 Nc5 41. Nf5 Rb7 42. Kc1 h5 43. Kd2 g6 44. Ne3 Nb3+ 0-1

[Event "Titled Tuesday intern op 21st May Late"]
[Site "Chess.com INT"]
[Date "2024.05.21"]
[Round "4"]
[White "Kazakov, Mikhail"]
[Black "Alcazar Jimenez, Jesus Alberto"]
[Result "1-0"]
[WhiteElo "2513"]
[BlackElo "2147"]
[PlyCount "83"]
[EventDate "2024.05.21"]
[EventType "swiss (blitz)"]
[EventRounds "11"]
[EventCountry "USA"]
[SourceTitle "CBM 220 Extra"]
[Source "ChessBase"]
[SourceDate "2024.07.31"]
[SourceVersion "1"]
[SourceVersionDate "2024.07.31"]
[SourceQuality "1"]

1. d4 Nf6 2. c4 e6 3. Nc3 d5 4. Nf3 h6 5. g3 c5 6. Bg2 Nc6 7. cxd5 exd5 8. 0-0 Be7 9. h3 0-0 10. Be3 c4 11. Ne5 Be6 12. Nxc4 dxc4 13. d5 Nxd5 14. Nxd5 Bxd5 15. Qxd5 Qxd5 16. Bxd5 Nb4 17. Bxb7 Rab8 18. Be4 f5 19. Bf3 Nc2 20. Bxa7 Rxb2 21. Rac1 Rxa2 22. Bd5+ Kh7 23. Bxc4 Rxa7 24. Rxc2 f4 25. Bd3+ Kh8 26. gxf4 Rxf4 27. Rc8+ Bf8 28. Rb1 g5 29. f3 Kg7 30. Rb6 Rd7 31. Kg2 Ra7 32. Rg6+ Kf7 33. Rxf8+ Kxf8 34. Rxh6 Rg7 35. Kg3 Ke7 36. Be4 Rf6 37. Rh8 Rd6 38. Ra8 Rd7 39. Ra5 Rd6 40. Kg4 Kf6 41. Rf5+ Ke6 42. Rxg5 1-0

[Event "Titled Tuesday intern op 14th May Late"]
[Site "Chess.com INT"]
[Date "2024.05.14"]
[Round "6"]
[White "Haydon, David Leslie"]
[Black "Kazakov, Mikhail"]
[Result "1-0"]
[WhiteElo "2256"]
[BlackElo "2513"]
[PlyCount "95"]
[EventDate "2024.05.14"]
[EventType "swiss (blitz)"]
[EventRounds "11"]
[EventCountry "USA"]
[SourceTitle "CBM 220 Extra"]
[Source "ChessBase"]
[SourceDate "2024.07.31"]
[SourceVersion "1"]
[SourceVersionDate "2024.07.31"]
[SourceQuality "1"]

1. c4 c6 2. d4 d5 3. cxd5 cxd5 4. Nc3 Nf6 5. Nf3 Nc6 6. Bf4 e6 7. e3 a6 8. Bd3 Be7 9. 0-0 Bd7 10. Rc1 0-0 11. Na4 Ne4 12. Bxe4 dxe4 13. Nd2 f5 14. Nc5 Bc8 15. Nc4 Nb4 16. a3 Nd5 17. Be5 b6 18. Nb3 Bd7 19. Nbd2 Rc8 20. Re1 Bb5 21. b3 a5 22. f3 exf3 23. Qxf3 a4 24. bxa4 Bxa4 25. e4 fxe4 26. Qg4 Bf6 27. Qxe6+ Kh8 28. Nd6 Rxc1 29. Rxc1 Bxe5 30. dxe5 Nf4 31. Qc4 e3 32. N2e4 b5 33. Qa2 e2 34. Ng5 Qb6+ 35. Kh1 e1Q+ 36. Rxe1 h6 37. Ndf7+ Rxf7 38. Nxf7+ Kh7 39. Qb1+ g6 40. Qc1 Qd4 41. Nd6 Nd3 42. Qc7+ Kg8 43. Qd8+ Kh7 44. Qe7+ Kg8 45. Qf7+ Kh8 46. Rf1 Nxe5 47. Qf6+ Kh7 48. Qe7+ 1-0

[Event "Titled Tuesday intern op 14th May Late"]
[Site "Chess.com INT"]
[Date "2024.05.14"]
[Round "8"]
[White "Karamsetty, Jeevan"]
[Black "Kazakov, Mikhail"]
[Result "0-1"]
[WhiteElo "2245"]
[BlackElo "2513"]
[PlyCount "122"]
[EventDate "2024.05.14"]
[EventType "swiss (blitz)"]
[EventRounds "11"]
[EventCountry "USA"]
[SourceTitle "CBM 220 Extra"]
[Source "ChessBase"]
[SourceDate "2024.07.31"]
[SourceVersion "1"]
[SourceVersionDate "2024.07.31"]
[SourceQuality "1"]

1. e4 e5 2. Nf3 Nc6 3. Nc3 Nf6 4. a4 g6 5. Bb5 d6 6. h3 Bg7 7. d4 exd4 8. Nxd4 Bd7 9. 0-0 0-0 10. Bg5 h6 11. Bxf6 Qxf6 12. Nxc6 bxc6 13. Bd3 Rab8 14. Rb1 Qg5 15. Qf3 Rb4 16. Nd1 Rfb8 17. b3 Rxa4 18. Ne3 Rab4 19. Nc4 d5 20. exd5 cxd5 21. Ne3 c6 22. Rfe1 Rf4 23. Qg3 Qxg3 24. fxg3 Rfb4 25. Kh2 a5 26. Rbd1 Be6 27. Nf1 Bc3 28. Re3 Bd4 29. Re2 Kg7 30. Nd2 Bf6 31. Rf1 a4 32. bxa4 Rxa4 33. Nb3 Be7 34. Rfe1 c5 35. Rxe6 fxe6 36. Rxe6 c4 37. Rxe7+ Kf6 38. Re3 cxb3 39. Rf3+ Kg7 40. cxb3 Rxb3 41. Kg1 Raa3 42. Be2 Rxf3 43. gxf3 Kf6 44. Kf2 Ke5 45. g4 Kf4 46. h4 d4 47. h5 g5 48. Bd1 d3 49. Ke1 Ra2 50. Kf1 Ke3 51. Ke1 Ra1 52. f4 gxf4 53. g5 hxg5 54. h6 d2+ 55. Kf1 Rxd1+ 56. Kg2 Rh1 57. Kxh1 d1Q+ 58. Kg2 Qf3+ 59. Kg1 Qf2+ 60. Kh1 Kf3 61. h7 Qg2# 0-1

[Event "Titled Tuesday intern op 07th May Late"]
[Site "Chess.com INT"]
[Date "2024.05.07"]
[Round "5"]
[White "Van Baar, Esper"]
[Black "Kazakov, Mikhail"]
[Result "0-1"]
[WhiteElo "2207"]
[BlackElo "2513"]
[PlyCount "102"]
[EventDate "2024.05.07"]
[EventType "swiss (blitz)"]
[EventRounds "11"]
[EventCountry "USA"]
[SourceTitle "EXT 2025"]
[Source "ChessBase"]
[SourceDate "2024.10.14"]
[SourceVersion "1"]
[SourceVersionDate "2024.10.14"]
[SourceQuality "1"]

1. Nf3 c5 2. g3 Nc6 3. c4 g6 4. Bg2 Bg7 5. 0-0 e6 6. e3 Nge7 7. d4 cxd4 8. Nxd4 Nxd4 9. exd4 d5 10. cxd5 Nxd5 11. Nc3 Nxc3 12. bxc3 0-0 13. Qb3 Qc7 14. Re1 e5 15. d5 Bd7 16. Ba3 Rfc8 17. d6 Qxc3 18. Bxb7 Rab8 19. Rab1 Qxb3 20. Rxb3 Rd8 21. Bc5 Be6 22. Rb4 a5 23. Rb6 Bxa2 24. Ra1 Bd5 25. Bxd5 Rxb6 26. Bxb6 Rxd6 27. Bxf7+ Kxf7 28. Bxa5 Ke6 29. Ra2 Ra6 30. Ra3 Bf8 31. Bb4 Rxa3 32. Bxf8 Ra2 33. Kg2 e4 34. Bh6 Kf5 35. Be3 h5 36. h4 Kg4 37. Bb6 Ra3 38. Be3 Rb3 39. Bg5 Rf3 40. Bh6 Rf5 41. Be3 Rd5 42. Bh6 Rd3 43. Bf4 Kf5 44. Bh6 Ke6 45. Bf4 Kd5 46. Bh6 Kc4 47. Bf4 Rf3 48. Bh6 Kd3 49. Bg5 Ke2 50. Be3 Rxe3 51. fxe3 Kxe3 0-1

[Event "Titled Tuesday intern op 16th Apr Late"]
[Site "Chess.com INT"]
[Date "2024.04.16"]
[Round "9"]
[White "Kazakov, Mikhail"]
[Black "Goltsev, Dmitry"]
[Result "0-1"]
[WhiteElo "2513"]
[BlackElo "2215"]
[PlyCount "116"]
[EventDate "2024.04.16"]
[EventType "swiss (blitz)"]
[EventRounds "11"]
[EventCountry "USA"]
[SourceTitle "CBM 219 Extra"]
[Source "ChessBase"]
[SourceDate "2024.05.31"]
[SourceVersion "1"]
[SourceVersionDate "2024.05.31"]
[SourceQuality "1"]

1. e4 e6 2. d4 d5 3. exd5 exd5 4. Bd3 c5 5. Nf3 Nf6 6. 0-0 Be7 7. dxc5 Bxc5 8. Re1+ Be6 9. Ng5 0-0 10. Nc3 Ng4 11. Bxh7+ Kh8 12. Nxe6 Bxf2+ 13. Kh1 Qh4 14. Bf4 fxe6 15. Bd6 Bxe1 16. Qxe1 Qxh7 17. Qg3 Nf2+ 18. Kg1 Rf6 19. Bxb8 Qg6 20. Qxg6 Rxg6 21. Bg3 Ng4 22. Re1 Rf8 23. h3 Nf6 24. Bf2 Nd7 25. Bd4 a6 26. a4 Re8 27. Nxd5 e5 28. Bc3 Rd6 29. Ne3 Rde6 30. Ng4 e4 31. Ne3 Nf6 32. Rd1 Rc6 33. Rf1 Rd8 34. Nf5 Re8 35. Ne3 Rd6 36. Rf4 Nd5 37. Nxd5 Rxd5 38. Rf2 e3 39. Re2 Rd1+ 40. Kh2 Rd7 41. Kg3 Rde7 42. Re1 e2 43. Kf2 Re4 44. Kf3 Rxa4 45. Rxe2 Rxe2 46. Kxe2 Re4+ 47. Kf3 Rc4 48. g4 b5 49. h4 b4 50. Be5 Rxc2 51. h5 Kh7 52. Kf4 a5 53. g5 a4 54. Kg4 a3 55. g6+ Kg8 56. bxa3 bxa3 57. Kf5 a2 58. Ke6 Re2 0-1

[Event "Titled Tuesday intern op 16th Apr Late"]
[Site "Chess.com INT"]
[Date "2024.04.16"]
[Round "4"]
[White "Kazakov, Mikhail"]
[Black "Handigol, Abhishek"]
[Result "0-1"]
[WhiteElo "2513"]
[BlackElo "1950"]
[PlyCount "126"]
[EventDate "2024.04.16"]
[EventType "swiss (blitz)"]
[EventRounds "11"]
[EventCountry "USA"]
[SourceTitle "CBM 219 Extra"]
[Source "ChessBase"]
[SourceDate "2024.05.31"]
[SourceVersion "1"]
[SourceVersionDate "2024.05.31"]
[SourceQuality "1"]

1. e4 e5 2. Nf3 Nc6 3. Bc4 Nf6 4. d3 h6 5. h3 d6 6. c3 g5 7. Bb3 a5 8. Nbd2 Bg7 9. Nf1 Qe7 10. Ne3 Be6 11. Ba4 0-0 12. 0-0 d5 13. exd5 Nxd5 14. Re1 Rad8 15. Nxd5 Bxd5 16. d4 Qd6 17. dxe5 Nxe5 18. Nxe5 Bxe5 19. Be3 Qf6 20. Qh5 Kg7 21. Bc2 Rde8 22. Bc5 Rh8 23. Be3 Re6 24. a3 b6 25. Qg4 Rd6 26. Rad1 Rhd8 27. Qf5 Be6 28. Qh7+ Kf8 29. Rxd6 Rxd6 30. Qe4 Bd5 31. Qh7 Ke7 32. Bd4 Re6 33. Bxe5 Rxe5 34. Rd1 Qc6 35. Qh8 Re6 36. Qd4 Rd6 37. Qe3+ Re6 38. Qd4 Rd6 39. Qe3+ Be6 40. Qg3 Rxd1+ 41. Bxd1 Qe4 42. Qxc7+ Kf6 43. Kh2 Qe1 44. Bf3 Qxf2 45. Qg3 Qxb2 46. Qd6 Qxc3 47. Qxb6 Qe5+ 48. Kh1 Qa1+ 49. Kh2 Qxa3 50. Qd8+ Kg7 51. Qd4+ Kg8 52. Qd8+ Qf8 53. Qxa5 Qd6+ 54. Kh1 Qd4 55. Qa8+ Kg7 56. Qa5 Kg6 57. Kh2 h5 58. Kh1 g4 59. hxg4 hxg4 60. Be2 g3 61. Qe1 Qh4+ 62. Kg1 Qh2+ 63. Kf1 Qh1# 0-1

[Event "Titled Tuesday intern op 16th Apr Late"]
[Site "Chess.com INT"]
[Date "2024.04.16"]
[Round "11"]
[White "Kazakov, Mikhail"]
[Black "Nayak, Rajesh"]
[Result "1-0"]
[WhiteElo "2513"]
[BlackElo "2136"]
[PlyCount "67"]
[EventDate "2024.04.16"]
[EventType "swiss (blitz)"]
[EventRounds "11"]
[EventCountry "USA"]
[SourceTitle "CBM 219 Extra"]
[Source "ChessBase"]
[SourceDate "2024.05.31"]
[SourceVersion "1"]
[SourceVersionDate "2024.05.31"]
[SourceQuality "1"]

1. d4 Nf6 2. c4 e6 3. Nc3 Bb4 4. e3 0-0 5. Bd3 d5 6. Bd2 c5 7. Nf3 Nc6 8. cxd5 exd5 9. dxc5 Bxc5 10. 0-0 d4 11. exd4 Nxd4 12. Nxd4 Bxd4 13. Qc2 h6 14. Rad1 Bg4 15. Be2 Rc8 16. Bxg4 Nxg4 17. Qe4 Qh4 18. h3 Bxf2+ 19. Kh1 f5 20. Qe6+ Kh8 21. Bf4 Rce8 22. Qg6 Bg3 23. Rd7 Nf2+ 24. Kg1 Nxh3+ 25. gxh3 Bf2+ 26. Kg2 Re7 27. Rxe7 Qxe7 28. Rxf2 Rf6 29. Qg3 Qe6 30. Kh2 Rg6 31. Qf3 Qe1 32. Rg2 Re6 33. Qg3 Qxg3+ 34. Bxg3 1-0

[Event "Titled Tuesday intern op 16th Apr Late"]
[Site "Chess.com INT"]
[Date "2024.04.16"]
[Round "3"]
[White "Zhigalko, Sergei"]
[Black "Kazakov, Mikhail"]
[Result "1-0"]
[WhiteElo "2572"]
[BlackElo "2513"]
[PlyCount "75"]
[EventDate "2024.04.16"]
[EventType "swiss (blitz)"]
[EventRounds "11"]
[EventCountry "USA"]
[SourceTitle "CBM 219 Extra"]
[Source "ChessBase"]
[SourceDate "2024.05.31"]
[SourceVersion "1"]
[SourceVersionDate "2024.05.31"]
[SourceQuality "1"]

1. e4 e5 2. Nf3 Nc6 3. Bc4 Bc5 4. b4 Be7 5. b5 Na5 6. Be2 d6 7. 0-0 c5 8. bxc6 Nxc6 9. Nc3 Nf6 10. d4 0-0 11. h3 b6 12. Bb2 Bb7 13. Re1 Rc8 14. Bf1 Re8 15. Qd2 Bf8 16. Rad1 Na5 17. dxe5 dxe5 18. Qg5 Qe7 19. Bb5 Bc6 20. Ba6 Rc7 21. Nd5 Nxd5 22. exd5 Qxg5 23. Nxg5 Ba4 24. Bd3 Bxc2 25. Rc1 Rec8 26. Bxe5 Rc5 27. Ba6 Rd8 28. Nf3 Ba4 29. d6 Rxc1 30. Rxc1 Nc6 31. Bf4 Bxd6 32. Be3 Bf8 33. Bc4 Na5 34. Be2 f6 35. Nd4 Bc5 36. Nf5 Bxe3 37. Nxe3 Be8 38. Bf3 1-0

[Event "Titled Tuesday intern op 26th Mar Late"]
[Site "Chess.com INT"]
[Date "2024.03.26"]
[Round "4"]
[White "Kazakov, Mikhail"]
[Black "Lewicki, Miroslaw"]
[Result "1/2-1/2"]
[WhiteElo "2513"]
[BlackElo "2339"]
[PlyCount "240"]
[EventDate "2024.03.26"]
[EventType "swiss (blitz)"]
[EventRounds "11"]
[EventCountry "USA"]
[SourceTitle "EXT 2025"]
[Source "ChessBase"]
[SourceDate "2024.10.14"]
[SourceVersion "1"]
[SourceVersionDate "2024.10.14"]
[SourceQuality "1"]

1. d4 Nf6 2. c4 e6 3. Nc3 d5 4. cxd5 exd5 5. Bg5 Nbd7 6. e3 h6 7. Bh4 Be7 8. Bd3 0-0 9. Nge2 b6 10. 0-0 Bb7 11. f3 c5 12. Bf2 Re8 13. Ng3 Bf8 14. Qd2 Rc8 15. Rad1 a6 16. Rfe1 c4 17. Bb1 b5 18. a3 Qb6 19. e4 dxe4 20. fxe4 Ng4 21. h3 Nxf2 22. Qxf2 Rcd8 23. Rf1 Qe6 24. d5 Qe7 25. d6 Qe6 26. Nf5 Ne5 27. Qb6 Bc8 28. Nd5 Bxd6 29. Nxd6 Rxd6 30. Nf6+ Qxf6 31. Rxf6 Rxb6 32. Rxb6 Kf8 33. Bc2 Ke7 34. b3 c3 35. a4 bxa4 36. bxa4 Nc4 37. Rc6 Ne3 38. Rc1 Bd7 39. Rxc3 Nxc2 40. R1xc2 Bxa4 41. Rb2 Bb5 42. Rd2 Kf6 43. Rd4 Kg6 44. Rc5 Re7 45. Kf2 f6 46. Ke3 Rb7 47. g4 Bf1 48. h4 h5 49. gxh5+ Kh6 50. Rd2 Rb3+ 51. Kd4 Rb4+ 52. Ke3 Rb3+ 53. Kd4 Rh3 54. Rf2 Bb5 55. Rf4 Rh1 56. Rc7 Rd1+ 57. Kc5 Rc1+ 58. Kb6 Rg1 59. Re7 Kxh5 60. e5 fxe5 61. Rxe5+ Kh6 62. Rd4 Rg6+ 63. Kc5 Rc6+ 64. Kb4 Rc1 65. Rde4 Rb1+ 66. Ka5 Rg1 67. Rd4 g6 68. Kb6 Rb1 69. Ka5 Ra1+ 70. Kb6 Rf1 71. Kc5 Rf6 72. Rd6 Rf1 73. Rg5 Rc1+ 74. Kb6 Rb1 75. Rdxg6+ Kh7 76. Ka7 Re1 77. Rg7+ Kh6 78. R7g6+ Kh7 79. Rg7+ Kh6 80. Rg8 Re7+ 81. Kb6 Kh7 82. R8g6 Bd3 83. Rf6 Bb5 84. h5 Rd7 85. h6 Re7 86. Rc5 Re8 87. Rc7+ Kh8 88. Rff7 Rb8+ 89. Ka5 Bd3 90. Rfd7 Bb1 91. Kxa6 Bg6 92. Rg7 Bb1 93. Ka7 Rd8 94. Rce7 Rf8 95. Kb6 Bd3 96. Kc5 Rc8+ 97. Kd4 Rd8+ 98. Ke5 Bb1 99. Kf6 Ra8 100. Rg5 Ra6+ 101. Re6 Rxe6+ 102. Kxe6 Kh7 103. Rh5 Kh8 104. Rh4 Bc2 105. Rh2 Bb1 106. Kf6 Bd3 107. Kg5 Bb1 108. Rd2 Be4 109. Rd7 Bb1 110. Kf6 Bc2 111. Rc7 Bb1 112. Kg5 Bd3 113. Rg7 Bb1 114. Kf6 Bc2 115. Kg5 Bb1 116. Rb7 Bd3 117. Ra7 Bc2 118. Rb7 Bd3 119. Kf6 Bc2 120. Kg5 Bd3 1/2-1/2

[Event "Titled Tuesday intern op 26th Mar Late"]
[Site "Chess.com INT"]
[Date "2024.03.26"]
[Round "9"]
[White "Kazakov, Mikhail"]
[Black "Papaioannou, Dimitrios1"]
[Result "1-0"]
[WhiteElo "2513"]
[BlackElo "1991"]
[PlyCount "55"]
[EventDate "2024.03.26"]
[EventType "swiss (blitz)"]
[EventRounds "11"]
[EventCountry "USA"]
[SourceTitle "EXT 2025"]
[Source "ChessBase"]
[SourceDate "2024.10.14"]
[SourceVersion "1"]
[SourceVersionDate "2024.10.14"]
[SourceQuality "1"]

1. e4 e5 2. Nf3 Nc6 3. Bb5 a6 4. Ba4 Bc5 5. 0-0 Nge7 6. c3 Ng6 7. d4 Ba7 8. Bg5 f6 9. Be3 0-0 10. Re1 d6 11. h3 Kh8 12. Nbd2 Bd7 13. Nf1 b5 14. Bc2 exd4 15. cxd4 Nb4 16. Bb1 c5 17. dxc5 dxc5 18. e5 Nxe5 19. Nxe5 fxe5 20. Qh5 h6 21. Qg6 Kg8 22. Qh7+ Kf7 23. Bg6+ Ke7 24. Qxg7+ Kd6 25. Bxh6 Qf6 26. Rad1+ Nd5 27. Rxd5+ Kxd5 28. Qxd7+ 1-0

[Event "Titled Tuesday intern op 26th Mar Late"]
[Site "Chess.com INT"]
[Date "2024.03.26"]
[Round "6"]
[White "Novik, Maxim"]
[Black "Kazakov, Mikhail"]
[Result "0-1"]
[WhiteElo "2415"]
[BlackElo "2513"]
[PlyCount "106"]
[EventDate "2024.03.26"]
[EventType "swiss (blitz)"]
[EventRounds "11"]
[EventCountry "USA"]
[SourceTitle "EXT 2025"]
[Source "ChessBase"]
[SourceDate "2024.10.14"]
[SourceVersion "1"]
[SourceVersionDate "2024.10.14"]
[SourceQuality "1"]

1. e4 d6 2. d4 Nf6 3. Bd3 g6 4. Nf3 Bg7 5. c3 0-0 6. 0-0 Nc6 7. Re1 e5 8. h3 Re8 9. Nbd2 Nh5 10. dxe5 dxe5 11. Bb5 Bd7 12. Nf1 a6 13. Ba4 b5 14. Bb3 Na5 15. Bc2 Bc6 16. b3 Qxd1 17. Rxd1 Rad8 18. Be3 Nf4 19. Ng3 Nb7 20. Kf1 f6 21. a4 bxa4 22. bxa4 Bf8 23. Bxf4 Rxd1+ 24. Rxd1 exf4 25. Ne2 Bd6 26. Nd2 Nc5 27. Nc4 Be5 28. Nd4 Bxa4 29. Bxa4 Nxa4 30. Rd3 Nxc3 31. Rxc3 Bxd4 32. Ra3 Ra8 33. Ke2 Kf7 34. Na5 Bb6 35. Nc4 Ke6 36. Kf3 g5 37. h4 h6 38. Kg4 a5 39. Kh5 gxh4 40. Kxh4 f5 41. f3 fxe4 42. fxe4 a4 43. Kg4 Bc5 44. Ra2 a3 45. Kxf4 Ra4 46. Nd2 Bd6+ 47. Ke3 Bc5+ 48. Kd3 Rd4+ 49. Kc3 Rd8 50. Nf3 Rg8 51. Kc4 Be7 52. Nd4+ Kd7 53. e5 Rg4 0-1

[Event "Titled Tuesday intern op 05th Dec Early"]
[Site "Chess.com INT"]
[Date "2023.12.05"]
[Round "2"]
[White "Kazakov, Mikhail"]
[Black "Kurbonboeva, Sarvinoz"]
[Result "1-0"]
[WhiteElo "2513"]
[BlackElo "2154"]
[PlyCount "73"]
[EventDate "2023.12.05"]
[EventType "swiss (blitz)"]
[EventRounds "11"]
[EventCountry "USA"]
[SourceTitle "EXT 2025"]
[Source "ChessBase"]
[SourceDate "2024.10.14"]
[SourceVersion "1"]
[SourceVersionDate "2024.10.14"]
[SourceQuality "1"]

1. d4 d5 2. c4 e6 3. Nc3 c6 4. Nf3 Nf6 5. Bg5 Be7 6. e3 0-0 7. Qc2 Nbd7 8. Rd1 b6 9. Bd3 Bb7 10. 0-0 Qc7 11. Bxh7+ Nxh7 12. Bxe7 Rfe8 13. Bh4 dxc4 14. Bg3 Qd8 15. Ne4 Ndf6 16. Nd6 Re7 17. Nxb7 Rxb7 18. Qxc4 Rc8 19. Qe2 Qe7 20. e4 Nh5 21. a3 Nxg3 22. hxg3 Nf6 23. Rd3 c5 24. dxc5 Rxc5 25. Rfd1 Rd7 26. Rxd7 Nxd7 27. e5 Rc8 28. Qe4 Nc5 29. Qf4 Rd8 30. Rxd8+ Qxd8 31. Kh2 Nd3 32. Qd2 Qd5 33. Qe3 Nxb2 34. Ng5 Nd3 35. f4 Nc5 36. Qe2 Kf8 37. Qh5 1-0

[Event "Titled Tuesday intern op 05th Dec Early"]
[Site "Chess.com INT"]
[Date "2023.12.05"]
[Round "1"]
[White "Xu, Yi"]
[Black "Kazakov, Mikhail"]
[Result "1-0"]
[WhiteElo "2500"]
[BlackElo "2513"]
[PlyCount "65"]
[EventDate "2023.12.05"]
[EventType "swiss (blitz)"]
[EventRounds "11"]
[EventCountry "USA"]
[SourceTitle "EXT 2025"]
[Source "ChessBase"]
[SourceDate "2024.10.14"]
[SourceVersion "1"]
[SourceVersionDate "2024.10.14"]
[SourceQuality "1"]

1. e4 d6 2. d4 Nf6 3. Nc3 g6 4. f4 Bg7 5. Bd3 0-0 6. Nf3 Nc6 7. e5 dxe5 8. fxe5 Ng4 9. Ne2 Nb4 10. Bc4 c5 11. h3 Nh6 12. c3 Nc6 13. Bf4 cxd4 14. cxd4 Na5 15. Bd3 Be6 16. 0-0 Nc6 17. Be4 Bd5 18. Bxd5 Qxd5 19. Qd2 Nf5 20. g4 Nfxd4 21. Nexd4 Rad8 22. Nxc6 Qxc6 23. Qe3 Qc2 24. Rf2 Rd1+ 25. Rxd1 Qxd1+ 26. Kg2 Qd5 27. Qxa7 f6 28. exf6 Bxf6 29. Bh6 Rc8 30. Qa3 Qe4 31. Qb3+ Kh8 32. Qe3 Qd5 33. g5 1-0

[Event "Titled Tuesday intern op 07th Nov Late"]
[Site "Chess.com INT"]
[Date "2023.11.07"]
[Round "9"]
[White "Kazakov, Mikhail"]
[Black "Aghasiyev, Kamal"]
[Result "0-1"]
[WhiteElo "2513"]
[BlackElo "2441"]
[PlyCount "102"]
[EventDate "2023.11.07"]
[EventType "swiss (blitz)"]
[EventRounds "11"]
[EventCountry "USA"]
[SourceTitle "EXT 2025"]
[Source "ChessBase"]
[SourceDate "2024.10.14"]
[SourceVersion "1"]
[SourceVersionDate "2024.10.14"]
[SourceQuality "1"]

1. d4 d5 2. c4 e6 3. Nc3 Nf6 4. Nf3 Be7 5. Bg5 Nbd7 6. e3 h6 7. Bh4 0-0 8. Qc2 c5 9. Rd1 Qa5 10. cxd5 Nxd5 11. Bxe7 Nxe7 12. Be2 b6 13. 0-0 Ba6 14. a3 Bxe2 15. Qxe2 Nf6 16. Qb5 Qxb5 17. Nxb5 a6 18. Nd6 cxd4 19. Rxd4 b5 20. Rc1 Rad8 21. g3 Ned5 22. Nb7 Rc8 23. Rdd1 Ne4 24. Ne5 f6 25. Nd7 Rfe8 26. Ndc5 Nxc5 27. Nxc5 Rc6 28. e4 Ne7 29. b4 a5 30. Rd7 axb4 31. axb4 Ng6 32. Ra1 Ne5 33. Rb7 Rf8 34. Rxb5 Rf7 35. Ra8+ Kh7 36. f4 Nc4 37. Kf2 Nd6 38. Rbb8 f5 39. e5 Ne4+ 40. Nxe4 fxe4 41. Ke3 Rd7 42. Rd8 Rdc7 43. Kxe4 Rc4+ 44. Rd4 Rc2 45. b5 Re2+ 46. Kf3 Rb2 47. Rb8 Rc3+ 48. Kg4 Rxh2 49. Rb7 Kg6 50. f5+ exf5+ 51. Kf4 Rf2# 0-1

[Event "Titled Tuesday intern op 07th Nov Late"]
[Site "Chess.com INT"]
[Date "2023.11.07"]
[Round "4"]
[White "Kazakov, Mikhail"]
[Black "Maksimovic, Bojan"]
[Result "1-0"]
[WhiteElo "2513"]
[BlackElo "2497"]
[PlyCount "131"]
[EventDate "2023.11.07"]
[EventType "swiss (blitz)"]
[EventRounds "11"]
[EventCountry "USA"]
[SourceTitle "EXT 2025"]
[Source "ChessBase"]
[SourceDate "2024.10.14"]
[SourceVersion "1"]
[SourceVersionDate "2024.10.14"]
[SourceQuality "1"]

1. d4 g6 2. c4 Bg7 3. Nf3 d6 4. Nc3 e5 5. e4 Nc6 6. d5 Nd4 7. Be2 c5 8. dxc6 bxc6 9. 0-0 Ne7 10. Be3 c5 11. Qd2 0-0 12. Bd1 Rb8 13. b3 Kh8 14. Bh6 Bxh6 15. Qxh6 Nxf3+ 16. Bxf3 Nc6 17. Rae1 Nd4 18. Bd1 Be6 19. f4 f6 20. Ne2 Qe7 21. Nxd4 cxd4 22. f5 gxf5 23. exf5 Bd7 24. Bf3 Qg7 25. Qh4 Bxf5 26. Bd5 Qg5 27. Qxg5 fxg5 28. c5 dxc5 29. Rxe5 Bd3 30. Rd1 Rf5 31. Rxf5 Bxf5 32. Rf1 Bg6 33. Rc1 Rb5 34. a4 Ra5 35. Bc4 Kg7 36. Re1 Bf5 37. Re7+ Kf6 38. Rc7 Ke5 39. Kf2 h5 40. Rg7 Kf6 41. Rg8 g4 42. g3 Be6 43. Bxe6 Kxe6 44. Rg5 Kd7 45. Rxh5 Ra6 46. Rxc5 Rf6+ 47. Ke2 Rh6 48. Rd5+ Kc6 49. Rxd4 Rxh2+ 50. Kd3 Kc5 51. Rxg4 a5 52. Rg5+ Kb6 53. Rb5+ Ka6 54. Rg5 Kb6 55. Kc3 Rh1 56. Rg6+ Kc5 57. Rg5+ Kb6 58. Rb5+ Ka6 59. g4 Rh3+ 60. Kb2 Rg3 61. g5 Rg4 62. Kc3 Rg3+ 63. Kd4 Rg2 64. Ke4 Rg3 65. Kf5 Rxb3 66. Rxb3 1-0

[Event "Titled Tuesday intern op 07th Nov Late"]
[Site "Chess.com INT"]
[Date "2023.11.07"]
[Round "3"]
[White "Rohan, Ahuja"]
[Black "Kazakov, Mikhail"]
[Result "0-1"]
[WhiteElo "2355"]
[BlackElo "2513"]
[PlyCount "182"]
[EventDate "2023.11.07"]
[EventType "swiss (blitz)"]
[EventRounds "11"]
[EventCountry "USA"]
[SourceTitle "EXT 2025"]
[Source "ChessBase"]
[SourceDate "2024.10.14"]
[SourceVersion "1"]
[SourceVersionDate "2024.10.14"]
[SourceQuality "1"]

1. Nf3 Nf6 2. g3 d5 3. Bg2 c6 4. c4 e6 5. b3 Be7 6. Bb2 0-0 7. 0-0 b6 8. d4 Bb7 9. Nc3 Nbd7 10. Qd3 c5 11. cxd5 Nxd5 12. Nxd5 Bxd5 13. e4 Bb7 14. Qe3 cxd4 15. Nxd4 Bc5 16. Rfd1 Qe7 17. Qe2 Rfd8 18. a3 Bxd4 19. Bxd4 e5 20. Bb2 Nc5 21. b4 Na4 22. Qc2 Nxb2 23. Qxb2 h6 24. Rac1 f6 25. h4 Rxd1+ 26. Rxd1 Rd8 27. Rxd8+ Qxd8 28. Qb3+ Kf8 29. Qe6 Bc8 30. Qc4 Ke7 31. Bf1 Be6 32. Qc3 Qc8 33. Qd2 Qd7 34. Qc2 Qc8 35. Qa4 Qd7 36. Bb5 Qc7 37. Qd1 Qd8 38. Qc2 Qc8 39. Qd2 Qd8 40. Qe2 Qc7 41. Kh2 Qd8 42. f4 Qd4 43. f5 Bf7 44. Bd3 Kf8 45. Kg2 Kg8 46. g4 Bb3 47. Kf3 Ba4 48. Qe3 Qa1 49. Be2 Qh1+ 50. Kg3 Qe1+ 51. Qf2 Qc3+ 52. Qf3 Qe1+ 53. Kh3 Bc6 54. g5 hxg5 55. hxg5 fxg5 56. Qg4 Qf2 57. Bf3 Qe3 58. Kh2 Qf2+ 59. Kh3 Qe3 60. Kh2 Qf4+ 61. Kg2 Kf7 62. Kh3 Kf6 63. Qh5 Qh4+ 64. Qxh4 gxh4 65. Kxh4 Bb5 66. Kg4 Bc6 67. Bg2 Bb7 68. Kh4 Bc6 69. Kg4 Bb7 70. Kh4 Ba6 71. Bf3 Bd3 72. Kg4 Bc2 73. Kh4 Bd3 74. Kg4 Bc2 75. Kh4 Bb1 76. a4 a5 77. bxa5 bxa5 78. Kg3 Bc2 79. Kf2 Bxa4 80. Ke3 Bc6 81. Kd3 Kg5 82. Kc4 Kf4 83. Be2 Bxe4 84. Kb5 Bxf5 85. Kxa5 g5 86. Kb4 g4 87. Bf1 g3 88. Bg2 Be4 89. Bh3 g2 90. Bxg2 Bxg2 91. Kc3 e4 0-1